[Event "FRA-chT"]
[Site "FRA"]
[Date "1998.04.05"]
[Round "7"]
[White "Flear, Glenn C"]
[Black "Rausis, Igors"]
[Result "1/2-1/2"]
[WhiteElo "2445"]
[BlackElo "2520"]

1.Nf3 d5 2.c4 c6 3.d4 dxc4 4.e3 Be6 5.a4 Nf6 6.Na3 c5 7.Nxc4 Nc6 8.Nce5 cxd4
9.Bb5 dxe3 10.Qxd8+ Rxd8 11.Bxe3 Bd7 12.Nxd7 Nxd7 13.Rc1 e6 14.Bxc6 bxc6
15.Rxc6 Bb4+ 16.Ke2 O-O 17.Bxa7 Ra8 18.Rc4 Rxa7 19.Rxb4 Nf6 20.Rc1 Nd5 21.Rbc4 Rb7
22.R1c2 f6 23.Nd2 Kf7 24.g3 h5 25.Ne4 Rd8 26.Nc5 Rb6 27.h4 Rc8 28.Nd3 Ra8
29.Nf4 Nxf4+ 30.Rxf4 Rab8 31.b4 Rxb4 32.Rxb4 Rxb4 33.Ra2 Ke7 34.a5 Kd6 35.a6 Rb8
36.a7 Ra8 37.Kd3 Kc5 38.Kc3 Kb5 39.Kb3 g5 40.Kc3 gxh4 41.gxh4 Kb6 42.Kb4 Rxa7
43.Rxa7 Kxa7 44.Kc5 e5 45.Kd5 Kb6 46.Ke6 Kc5 47.Kxf6 Kd5 48.Kg5 Ke4 49.Kxh5 Kf3
50.Kg5 Kxf2 51.Kf5 Kf3 52.Kxe5  1/2-1/2

[Event "AUT-ch U16"]
[Site "Koestendorf"]
[Date "1998.04.08"]
[Round "5.1"]
[White "Burschowsky, Matthias"]
[Black "Flury, Samuel"]
[Result "0-1"]
[WhiteElo "2012"]
[BlackElo "1878"]

1.Nf3 d5 2.c4 e6 3.g3 Nf6 4.Bg2 Bd6 5.O-O O-O 6.b3 Nbd7 7.Bb2 Re8 8.Nc3 c6
9.Qc2 dxc4 10.bxc4 e5 11.Rab1 Nc5 12.Na4 Nxa4 13.Qxa4 h6 14.d3 e4 15.Nd2 exd3
16.exd3 Be5 17.Bxe5 Rxe5 18.Nf3 Re7 19.d4 Be6 20.Rfd1 b5 21.Qa3 Bxc4 22.Ne5 Rxe5
23.dxe5 Nd5 24.Rbc1 Qe8 25.Bf1 Bxf1 26.Kxf1 Qxe5 27.Rxc6 Re8 28.Qf3 Nb4 29.Rcd6 Nxa2
30.Rd8 Nb4 31.Rxe8+ Qxe8 32.Qe2 Kf8 33.Rb1 Qc6 34.f3 a5 35.Rd1 Qe8 36.Qxe8+ Kxe8
37.Rd4 Ke7 38.Ke2 Nc6 39.Rd2 Ke6 40.f4 a4 41.Kd1 g5 42.fxg5 hxg5 43.Kc1 b4
44.Rc2 Kd5 45.Re2 g4 46.h4 gxh3 47.Rh2 a3 48.Kb1 b3 49.Rxh3 Nd4 50.Rh5+ Kc4
51.Ra5 a2+ 52.Kb2 Nc2 53.Ra4+ Kd3 54.Kxb3 a1=Q  0-1

[Event "Dreifluesse op"]
[Site "Passau"]
[Date "1998.04.10"]
[Round "1"]
[White "Hisker, Frank"]
[Black "Juettner, Andreas"]
[Result "0-1"]
[WhiteElo "1281"]
[BlackElo "2010"]

1.Nf3 d5 2.c4 c6 3.d4 Nf6 4.Nc3 e6 5.cxd5 exd5 6.Bg5 Be7 7.e3 Bf5 8.Bd3 Bxd3
9.Qxd3 Nbd7 10.O-O O-O 11.Rac1 Re8 12.Nd2 Qb6 13.Qc2 Nf8 14.Rfe1 Ng6 15.Nf1 Qd8
16.Ng3 h6 17.Bxf6 Bxf6 18.Qb3 Qd7 19.Na4 b6 20.Qc2 Rac8 21.Qf5 Re6 22.Re2 c5
23.b3 cxd4 24.Rxc8+ Qxc8 25.Qxd5 Nf4 26.Qf3 Qc1+ 27.Nf1 Nxe2+ 28.Qxe2 dxe3
29.fxe3 Bd4  0-1

[Event "Dreifluesse op"]
[Site "Passau"]
[Date "1998.04.10"]
[Round "2"]
[White "Wockenfuss, Klaus"]
[Black "Klaus, Daniel"]
[Result "1-0"]
[WhiteElo "2320"]
[BlackElo "2070"]

1.Nf3 d5 2.c4 e6 3.g3 Nf6 4.Bg2 Be7 5.O-O O-O 6.b3 c6 7.Bb2 Nbd7 8.Qc2 Re8
9.Nc3 Nb6 10.d3 Bf8 11.e4 d4 12.Ne2 e5 13.h3 Nbd7 14.Nd2 c5 15.f4 Bd6 16.Nf3 Qc7
17.Bc1 b6 18.Bd2 Bb7 19.f5 a6 20.g4 Nf8 21.Ng3 b5 22.g5 N6d7 23.Qd1 Bc8 24.Nh2 Qd8
25.Ng4 f6 26.gxf6 Nxf6 27.Bg5 N8d7 28.Nxf6+ gxf6 29.Bh6 Kh8 30.Kh2 Rg8 31.Rg1 Qe7
32.Bf3 Bb7 33.Qd2 Qf7 34.Nh5 Bf8 35.Rxg8+ Qxg8 36.Rg1  1-0

[Event "Dreifluesse op"]
[Site "Passau"]
[Date "1998.04.10"]
[Round "2"]
[White "Neiss, Josef Martin"]
[Black "Pichler, Juergen"]
[Result "0-1"]
[WhiteElo "2120"]
[BlackElo "2395"]

1.Nf3 d5 2.c4 c6 3.e3 Nf6 4.b3 Bg4 5.Bb2 Nbd7 6.Be2 e6 7.Nc3 Bd6 8.Nd4 Ne5
9.d3 O-O 10.h3 Bxe2 11.Qxe2 Re8 12.O-O Qe7 13.cxd5 cxd5 14.Ncb5 Bb8 15.Nf3 Ng6
16.Rac1 Qd7 17.Bxf6 Qxb5 18.Bb2 e5 19.Rc2 Bd6 20.Rfc1 h6 21.Qd2 Rad8 22.Qc3 f6
23.Qd2 Kh7 24.h4 Ne7 25.Qd1 Qd7 26.Nd2 Qe6 27.Qf3 Rf8 28.e4 f5 29.exd5 Nxd5
30.Re1 Nb4 31.Rcc1 Bb8 32.Ba3 Nxd3 33.Bxf8 Nxe1 34.Rxe1 Rxf8 35.Qxb7 e4 36.Nf1 Rd8
37.Rc1 f4 38.Re1 Re8 39.Nd2 e3 40.fxe3 fxe3 41.Nc4 Bg3 42.Rxe3 Qxe3+ 43.Nxe3 Rxe3  0-1

[Event "Dreifluesse op"]
[Site "Passau"]
[Date "1998.04.11"]
[Round "3"]
[White "Roth, Bernd"]
[Black "Lachenmaier, Stefan"]
[Result "0-1"]
[WhiteElo "1489"]
[BlackElo "1805"]

1.Nf3 d5 2.c4 e6 3.b3 Nf6 4.Bb2 Bd6 5.e3 O-O 6.d4 b6 7.Bd3 Ne4 8.Nbd2 f5
9.O-O Nd7 10.cxd5 exd5 11.Bxe4 fxe4 12.Ne1 Ba6  0-1

[Event "ARG-ch"]
[Site "Buenos Aires"]
[Date "1998.04.15"]
[Round "1"]
[White "Sorokin, Maxim"]
[Black "Ginzburg, Maximiliano"]
[Result "1/2-1/2"]
[WhiteElo "2555"]
[BlackElo "2470"]

1.Nf3 d5 2.c4 d4 3.g3 c5 4.b4 cxb4 5.a3 bxa3 6.Bg2 Nc6 7.Bxa3 e5 8.Bxf8 Kxf8
9.d3 g6 10.O-O Kg7 11.Nbd2 Nge7 12.Qa4 Qc7 13.Rfb1 Rb8 14.Rb5 Bd7 15.Qa3 Nc8
16.Ne4 b6 17.c5 Re8 18.Rc1 Qd8 19.cxb6 axb6 20.Nfd2 Qe7 21.Qb2 N6a7 22.Rb4 Nc6
23.Rb5 N6a7 24.Rb4 Nc6  1/2-1/2

[Event "ARG-ch"]
[Site "Buenos Aires"]
[Date "1998.04.17"]
[Round "3"]
[White "Szmetan, Jorge"]
[Black "Soppe, Guillermo"]
[Result "0-1"]
[WhiteElo "2420"]
[BlackElo "2455"]

1.Nf3 d5 2.c4 c6 3.d4 Nf6 4.Nc3 dxc4 5.a4 Bg4 6.Ne5 Bh5 7.h3 Na6 8.g4 Bg6
9.Bg2 Nb4 10.O-O Bc2 11.Qd2 Bb3 12.a5 e6 13.a6 Qc7 14.axb7 Qxb7 15.Na4 Rc8
16.g5 Nfd5 17.e4 Nc2 18.exd5 cxd5 19.Nc5 Bxc5 20.dxc5 Nxa1 21.c6 Qc7 22.Qc3 O-O
23.Bf4 Nc2 24.Ng6 Qd8 25.c7 Rxc7 26.Bxc7 Qxc7 27.Nxf8 Kxf8 28.f4 Qb6+ 29.Kh2 Ne3
30.Rf3 Nxg2 31.Kxg2 d4 32.Qc1 c3 33.bxc3 Bd5 34.Qa3+ Ke8 35.cxd4 Qb7  0-1

[Event "ARG-ch"]
[Site "Buenos Aires"]
[Date "1998.04.21"]
[Round "6"]
[White "Soppe, Guillermo"]
[Black "Ginzburg, Maximiliano"]
[Result "1-0"]
[WhiteElo "2455"]
[BlackElo "2470"]

1.Nf3 d5 2.c4 d4 3.g3 c5 4.b4 cxb4 5.a3 bxa3 6.Bxa3 Nc6 7.Bg2 g6 8.d3 Bg7
9.Nbd2 Nf6 10.O-O O-O 11.Nb3 Re8 12.Qc2 e5 13.Nfd2 Qc7 14.Nc5 Bf5 15.Qa4 Rac8
16.Rfb1 b6 17.Nce4 Nxe4 18.Nxe4 Red8 19.Ra2 Be6 20.Rc2 Ne7 21.Ra1 a5 22.Qb3 Rb8
23.Ng5 Qd7 24.Nxe6 Qxe6 25.Rb1 Bf8 26.Qa4 Nf5 27.Bxf8 Kxf8 28.Rcb2 Qd6 29.Rb5 Ne7
30.Qb3 Rdc8 31.Rxb6 Rxb6 32.Qxb6 Qxb6 33.Rxb6 Rc5 34.Rb8+ Kg7 35.Rb7 Kf6
36.Rb6+ Kg7 37.Kf1 f5 38.Ke1 Kf7 39.Ra6 e4 40.dxe4 fxe4 41.Bxe4 Rxc4 42.Rxa5 Rc1+
43.Kd2 Rf1 44.f4 Rf2 45.h4 Rf1 46.Bf3 Nf5 47.Ra7+ Kf8 48.Kd3 Rd1+ 49.Ke4 Nxg3+
50.Ke5 Re1 51.Kf6 Ke8 52.Rxh7 Kd8 53.Bg4 Ne4+ 54.Ke5 Nf2 55.Kd6 Ne4+ 56.Ke5 Nf2
57.Bf3 d3 58.Kd6 Ke8 59.Bd5 Kf8 60.Rf7+ Kg8 61.exd3 Nxd3 62.Re7+ Kh8 63.Rxe1 Nxe1
64.Be4 Kg7 65.Ke6 Kh6 66.Kf6 Kh5 67.Kg7 Kg4 68.Kxg6 Kxf4 69.h5  1-0

[Event "GRE-chT"]
[Site "Poros"]
[Date "1998.04.24"]
[Round "7"]
[White "Skalkotas, Nikolaos"]
[Black "Ignatiadis, Konstantinos"]
[Result "1-0"]
[WhiteElo "2285"]
[BlackElo "2175"]

1.Nf3 d5 2.c4 c6 3.d4 Nf6 4.Qb3 e6 5.g3 Be7 6.Bg2 O-O 7.O-O Ne4 8.Nc3 f5
9.Ne5 Nd7 10.Nxd7 Qxd7 11.Nxe4 fxe4 12.Bf4 Bd6 13.Bxd6 Qxd6 14.cxd5 cxd5
15.Rac1 b6 16.f3 Ba6 17.Qe3 exf3 18.Rxf3 Rxf3 19.exf3 Rc8 20.Re1 Rc2 21.Bh3 Bc8
22.f4 g6 23.f5 exf5 24.Qe8+ Kg7 25.Re7+ Kh6 26.Qf7 Kg5 27.Qxh7 Rc1+ 28.Bf1 Kf6
29.Rf7+  1-0

[Event "Vorarlberg-ch"]
[Site "Hohenems"]
[Date "1998.04.25"]
[Round "1"]
[White "Gasser, Klaus"]
[Black "Spiegel, Wilfried"]
[Result "1-0"]
[WhiteElo "2115"]
[BlackElo "2175"]

1.Nf3 d5 2.c4 c6 3.b3 Bg4 4.Ne5 Bh5 5.g3 Nf6 6.Bg2 e6 7.O-O Bd6 8.Bb2 O-O
9.d4 Nbd7 10.Nd2 Bxe5 11.dxe5 Ng4 12.Nf3 Qc7 13.Ba3 Ngxe5 14.Bxf8 Rxf8 15.Rc1 Nxf3+
16.Bxf3 Bxf3 17.exf3 Qa5 18.cxd5 exd5 19.Rc2 Re8 20.Re2 Re5 21.Rfe1 Qc3 22.f4 Rxe2
23.Qxe2 g6 24.Qe8+ Nf8 25.Re7 Qf6 26.Rxb7 d4 27.Rxa7 Kg7 28.Ra8 Qd6 29.Qe5+ Qxe5
30.fxe5 Ne6 31.Rc8 d3 32.Kf1 Nd4 33.Ke1 Nf3+ 34.Kd1 Nxe5 35.f4 Nf3 36.Rxc6 Nxh2
37.Rd6 h5 38.Rxd3 Kf6 39.a4 Kf5 40.a5 Ke4 41.Rd7  1-0

[Event "Serbian-ch 29th"]
[Site "Sabac"]
[Date "1998.04.25"]
[Round "6"]
[White "Arsovic, Goran"]
[Black "Matulovic, Milan"]
[Result "1/2-1/2"]
[WhiteElo "2475"]
[BlackElo "2420"]

1.Nf3 d5 2.c4 c6 3.e3 Nf6 4.Nc3 a6 5.Qc2 b5 6.b3 e6 7.Bb2 Nbd7 8.d4 Be7 9.Bd3 Bb7
10.O-O bxc4 11.bxc4 dxc4 12.Bxc4 c5 13.Rfd1 cxd4 14.Nxd4 Qc7 15.Be2 O-O  1/2-1/2

[Event "Zepter op"]
[Site "Minsk"]
[Date "1998.04.26"]
[Round "2"]
[White "Drogoon, A."]
[Black "Fominyh, Alexander"]
[Result "0-1"]
[WhiteElo "2360"]
[BlackElo "2530"]

1.Nf3 d5 2.c4 dxc4 3.Na3 c5 4.Nxc4 Nc6 5.Nce5 Nxe5 6.Nxe5 Nf6 7.e3 a6 8.b3 e6
9.Bb2 Be7 10.Be2 O-O 11.O-O Nd7 12.Bf3 Ra7 13.Nxd7 Qxd7 14.d4 b6 15.Rc1 a5
16.Qc2 a4 17.Rfd1 Qb5 18.Be4 h6 19.Bh7+ Kh8 20.Bd3 Qe8 21.dxc5 bxc5 22.Qe2 a3
23.Ba1 f5 24.Be5 Qg6 25.f3 Rd7 26.Ba6 Rd5 27.Bc3 Bf6 28.Bxc8 Bxc3 29.Qa6 Bd2
30.Kf1 Rdd8 31.Rxc5 Bxe3 32.Rxd8 Rxd8 33.Rc2 f4 34.Qe2 Qf6 35.g4 h5 36.Bb7 hxg4
37.fxg4 Qg6 38.Bf3 e5 39.Qc4 Rd4 40.Qc6 Qxc6 41.Bxc6 e4 42.Rc4 Rd1+ 43.Kg2 f3+
44.Kh3 f2  0-1

[Event "POR-chT"]
[Site "Lisboa"]
[Date "1998.05.01"]
[Round "1"]
[White "Strikovic, Aleksa"]
[Black "Durao, Joaquim"]
[Result "1-0"]
[WhiteElo "2565"]
[BlackElo "2200"]

1.Nf3 d5 2.c4 c6 3.b3 Bg4 4.Bb2 e6 5.d3 f5 6.Nbd2 Nf6 7.g3 Nbd7 8.Bg2 Bd6
9.h3 Bh5 10.Nd4 Nc5 11.Qc2 Qd7 12.b4 Na6 13.a3 O-O 14.N4f3 Rae8 15.Ne5 Qc7
16.Ndf3 c5 17.g4 fxg4 18.hxg4 Bxg4 19.Nxg4 Nxg4 20.d4 Rf5 21.dxc5 Bg3 22.Bd4 g6
23.Bh3 Rh5 24.Kf1 e5 25.Bxg4 Rxh1+ 26.Kg2 Rxa1 27.Bxa1 e4 28.fxg3 exf3+ 29.Bxf3 Qe7
30.Qc3 Nc7 31.cxd5  1-0

[Event "POR-chT"]
[Site "Lisboa"]
[Date "1998.05.02"]
[Round "2"]
[White "Strikovic, Aleksa"]
[Black "Lima, Paulo"]
[Result "1-0"]
[WhiteElo "2565"]
[BlackElo "2055"]

1.Nf3 d5 2.c4 e6 3.b3 Nf6 4.g3 Be7 5.Bg2 O-O 6.O-O c6 7.Bb2 Na6 8.d3 c5 9.e3 Nb4
10.Ne5 dxc4 11.bxc4 Nd7 12.Nxd7 Qxd7 13.d4 cxd4 14.exd4 Bf6 15.Qd2 Nc6 16.d5 Ne5
17.Na3 exd5 18.cxd5 Qd6 19.Rfe1 Bd7 20.Bxe5 Qxa3 21.Bxf6 gxf6 22.d6  1-0

[Event "Presidents Cup"]
[Site "Elista"]
[Date "1998.05.08"]
[Round "1.2"]
[White "Fominyh, Alexander"]
[Black "Giorgadze, Giorgi"]
[Result "1/2-1/2"]
[WhiteElo "2530"]
[BlackElo "2605"]

1.Nf3 d5 2.c4 e6 3.g3 Nf6 4.Bg2 c6 5.Qc2 b5 6.b3 Be7 7.O-O O-O 8.Bb2 a5 9.c5 Nbd7
10.d4 Ne4 11.Ne1 e5 12.dxe5 Nexc5 13.Nd2 Ba6 14.Nd3 b4 15.Nf3 Nxd3 16.exd3 c5
17.Rfe1 Nb6 18.e6 fxe6 19.Rxe6 Bc8 20.Ree1 a4 21.Ne5 Bb7 22.Rad1 Ra7 23.d4 c4
24.bxc4 dxc4 25.d5 Bc5 26.Bd4 Bxd4 27.Rxd4 b3 28.Qd2 a3 29.Nc6 Bxc6 30.dxc6 Qb8
31.Qc3 b2 32.Be4 Raf7 33.f3 Qa7 34.Kg2 Qa4 35.h4 Rf6 36.Rf1 Rxc6 37.Bxc6 Qxc6
38.Qxa3 c3 39.Qb3+ Kh8 40.Rd3 Na4 41.Qc2 h5 42.Rfd1 g6 43.Kh2 Qc4 44.Re3 Qxa2
45.Kh3 Kg7 46.Re7+ Rf7 47.Rdd7 b1=Q 48.Rxf7+ Kg8 49.Rg7+ Kh8 50.Rh7+ Kg8  1/2-1/2

[Event "FRA-chT"]
[Site "FRA"]
[Date "1998.05.09"]
[Round "9"]
[White "Bricard, Emmanuel"]
[Black "Salaun, Yann"]
[Result "1-0"]
[WhiteElo "2450"]
[BlackElo "2360"]

1.Nf3 d5 2.c4 e6 3.d4 c5 4.cxd5 exd5 5.g3 Nc6 6.Bg2 Nf6 7.O-O Be7 8.dxc5 Bxc5
9.a3 O-O 10.b4 Bb6 11.Bb2 Bg4 12.Nc3 Re8 13.Na4 Qe7 14.h3 Bxf3 15.exf3 Rad8
16.Nxb6 axb6 17.Qd2 d4 18.Rfe1 Qd7 19.Rxe8+ Nxe8 20.f4 Nc7 21.Rd1 h6 22.Qd3 Qe6
23.Rd2 b5 24.Bf1 Qd5 25.Be2 Qd7 26.Bg4 Qd5 27.Bd1 Qc4 28.Bc2 Qxd3 29.Bxd3 Rd5
30.f5 Na8 31.Be4 Rd6 32.Bxc6 bxc6 33.Rxd4 Rxd4 34.Bxd4 Nc7 35.Kg2 f6 36.Kf3 Kf7
37.Ke4 Na6 38.Ba7 Ke7 39.Kd4 Kd7 40.Bc5 Ke8 41.Bd6 Kf7 42.Ke4 h5 43.Kf4 Ke8
44.f3 Kd7 45.Bf8 Ke8 46.Bxg7 Kf7 47.Bh6 c5 48.bxc5 Nxc5 49.Ke3 b4 50.axb4 Na6
51.b5 Nc7 52.b6 Nd5+ 53.Kd4 Nxb6 54.Bf4 Nc8 55.Kc5 Ne7 56.g4 Ng8 57.Bd6 Kg7
58.Kd5 hxg4 59.fxg4 Kf7 60.Ke4 Nh6 61.Bf4 Ng8 62.h4 Ne7 63.g5 fxg5 64.hxg5 Nc6
65.Be5 Ne7 66.Bd6 Nc6 67.Kd5 Nd8 68.Bc7  1-0

[Event "Capablanca mem 33th Premier"]
[Site "Havana"]
[Date "1998.05.11"]
[Round "5"]
[White "Franco Ocampo, Zenon"]
[Black "Perez, Rodney"]
[Result "1/2-1/2"]
[WhiteElo "2465"]
[BlackElo "2395"]

1.Nf3 d5 2.c4 c6 3.e3 Nf6 4.b3 Bg4 5.Bb2 Nbd7 6.Be2 e6 7.O-O Bd6 8.cxd5 cxd5
9.Nc3 a6 10.Rc1 Qe7 11.Nd4 Bxe2 12.Qxe2 O-O 13.f4 Ba3 14.Bxa3 Qxa3 15.Rc2 Rfc8
16.Rfc1 Qf8 17.Qd1 Qd8 18.h3 h6 19.Na4 Ne4 20.b4 Nd6 21.Nc5 a5 22.Nxd7 Rxc2
23.Qxc2  1/2-1/2

[Event "Boca Juniors op"]
[Site "Buenos Aires"]
[Date "1998.05.15"]
[Round "8"]
[White "Szmetan, Jorge"]
[Black "De las Heras, Juan Carlos"]
[Result "1/2-1/2"]
[WhiteElo "2420"]
[BlackElo "2270"]

1.Nf3 d5 2.c4 c6 3.d4 e6 4.e3 f5 5.Bd3 Nf6 6.O-O Bd6 7.b3 Qe7 8.Ne5 O-O 9.Bb2 Bd7
10.f3 Be8 11.Nd2 Nfd7 12.Qe2 Nxe5 13.dxe5 Bc5 14.f4 Nd7 15.Bd4 Bb4 16.Nb1 dxc4
17.Bxc4 c5 18.Bb2 Nb6 19.a3 Ba5 20.Bc3 Nxc4 21.Qxc4 Bb6 22.a4 Bc6 23.a5 Bd5
24.Qb5 Bc7 25.b4 b6 26.Nd2 Rfd8 27.bxc5 Qxc5 28.Qxc5 bxc5 29.Kf2 Rab8 30.Rab1 Kf7
31.Rfc1 g6 32.Bb4 Rb5 33.Bxc5 Rxb1 34.Nxb1 Bxa5 35.Bxa7 Ra8 36.Bd4 Bb4 37.Rc2  1/2-1/2

[Event "Toronto op"]
[Site "Toronto"]
[Date "1998.05.15"]
[Round "2"]
[White "Friedman, Aviv"]
[Black "Nickoloff, Bryon"]
[Result "0-1"]
[WhiteElo "2360"]
[BlackElo "2400"]

1.Nf3 d5 2.c4 e6 3.d4 Nf6 4.Nc3 Bb4 5.Bg5 dxc4 6.e4 c5 7.Bxc4 cxd4 8.Nxd4 Bxc3+
9.bxc3 Qa5 10.Bb5+ Bd7 11.Bxf6 gxf6 12.Qb3 a6 13.Be2 Nc6 14.O-O Qc7 15.Qa3 Rc8
16.Rad1 Na5 17.Qc1 e5 18.Nf5 Bxf5 19.exf5 Qxc3 20.Qh6 Ke7 21.Bh5 Qc4 22.Rc1 Qa4
23.Qg7 Qxa2 24.Ra1 Qc4 25.Rxa5 Rcg8 26.Qh6 Rxg2+ 27.Kxg2 Rg8+ 28.Bg6 Qg4+
29.Kh1 Qf3+ 30.Kg1 hxg6 31.Re1 gxf5+ 32.Kf1 Qd3+ 33.Re2 Qd1+ 34.Re1 Rg1+
35.Kxg1 Qxe1+ 36.Kg2 Qxa5 37.h4 Qd5+ 38.f3 e4 39.h5 Qd3 40.fxe4 fxe4 41.Qc1 Qf3+
42.Kg1 Qxh5  0-1

[Event "Clichy"]
[Site "Clichy"]
[Date "1998.05.16"]
[Round "1"]
[White "Lukov, Valentin"]
[Black "Bouton, Christophe"]
[Result "1/2-1/2"]
[WhiteElo "2470"]
[BlackElo "2210"]

1.Nf3 d5 2.c4 c6 3.e3 e6 4.d4 f5 5.g4 fxg4 6.Ne5 Nf6 7.Bd3 Bd6 8.h3 Nbd7
9.Nxd7 Bxd7 10.hxg4 e5 11.g5 Ne4 12.dxe5 Bxe5 13.f4 Qa5+ 14.Nd2 O-O-O 15.cxd5 Nc5
16.Be2 Bd6 17.a3 Na6 18.O-O cxd5 19.Nb3 Qb6 20.a4 Nc5 21.Nd4  1/2-1/2

[Event "POR-chT"]
[Site "Lisboa"]
[Date "1998.05.16"]
[Round "6"]
[White "Strikovic, Aleksa"]
[Black "Pereira, Rui Silva"]
[Result "1-0"]
[WhiteElo "2565"]
[BlackElo "2255"]

1.Nf3 d5 2.c4 e6 3.b3 Nf6 4.g3 Be7 5.Bg2 O-O 6.O-O c5 7.cxd5 Nxd5 8.Bb2 Nc6
9.a3 Bf6 10.Nc3 Nxc3 11.Bxc3 Bxc3 12.dxc3 Qf6 13.Qc1 Bd7 14.Rd1 Rfd8 15.Qe3 Qe7
16.b4 cxb4 17.axb4 a6 18.Qb6 Be8 19.Nd4 Rd6 20.Nxc6 Bxc6 21.Rxd6 Qxd6 22.b5  1-0

[Event "Clichy"]
[Site "Clichy"]
[Date "1998.05.18"]
[Round "3"]
[White "Lukov, Valentin"]
[Black "Petit, Eric Thierry"]
[Result "1/2-1/2"]
[WhiteElo "2470"]
[BlackElo "2190"]

1.Nf3 d5 2.c4 e6 3.g3 c5 4.Bg2 Nc6 5.O-O Nf6 6.cxd5 exd5 7.d4 Be7 8.dxc5 Bxc5
9.Nc3 O-O 10.Bg5 Be6 11.Bxf6 Qxf6 12.Nxd5 Qxb2 13.Nc7 Rad8 14.Qc1 Qxc1 15.Raxc1 b6
16.Nxe6 fxe6 17.Bh3 Rf6 18.Ng5 Nd4 19.Kg2 Rg6 20.Ne4 Nxe2 21.Nxc5 bxc5 22.Rc4 Rd4
23.Rxd4 cxd4 24.f4 Nc3 25.Rf2 Nd1 26.Rd2 Ne3+ 27.Kf3 Rh6 28.Rxd4 Rxh3 29.Kxe3 Rxh2
30.Ra4 Kf7 31.Rxa7+ Kf6 32.a4 Ra2 33.g4 g5 34.fxg5+ Kxg5 35.a5 Kxg4 36.Rg7+ Kf5
37.Rxh7 e5 38.Rh5+ Ke6 39.a6 Kd5 40.Rh6 Ra3+ 41.Kd2 Kd4 42.Kc2 Kc5  1/2-1/2

[Event "Lisbon-ch"]
[Site "Lisbon"]
[Date "1998.05.29"]
[Round "8"]
[White "Santos, Marco"]
[Black "Dias, Paulo"]
[Result "1-0"]
[WhiteElo "2100"]
[BlackElo "2295"]

1.Nf3 d5 2.c4 e6 3.g3 c6 4.Bg2 Bd6 5.d4 f5 6.O-O Nf6 7.Ne5 O-O 8.Nd2 Bd7
9.Ndf3 Be8 10.b3 Bh5 11.Nd3 Ne4 12.Qc2 Nd7 13.Nfe5 Rc8 14.Re1 Nxe5 15.dxe5 Be7
16.c5 b6 17.b4 bxc5 18.f3 Ng5 19.Nf4 cxb4 20.Nxh5 Qb6+ 21.Kh1 c5 22.Nf4 c4
23.Rb1 d4 24.Qa4 Rfd8 25.Bd2 a5 26.a3 Rb8 27.Rec1 c3 28.Be1 b3 29.Nd3 Qb5
30.Qxb5 Rxb5 31.a4 Rb6 32.Bxc3 dxc3 33.Rxc3 Rdb8 34.h4 Nf7 35.f4 Nd8 36.e4 g6
37.exf5 gxf5 38.Rc7 Kf8 39.Nc5 Bxc5 40.Rxc5 b2 41.Bf1 Rb3 42.Kg2 R8b7 43.Rc2 Rg7
44.Rbxb2 Rgxg3+ 45.Kh2 Rxb2 46.Rxb2 Rf3 47.Rb8 Rxf1 48.Rxd8+ Ke7 49.Rh8 Rxf4
50.Rxh7+ Kf8 51.Rh6 Kf7 52.Rh7+ Ke8 53.Rh6 Kd7 54.h5 Rxa4 55.Rh7+ Kc6 56.Kh3 Kd5
57.h6 Ra1 58.Kh2 Rc1 59.Ra7 Kxe5 60.Rxa5+ Kf6 61.Ra7 Rc8 62.h7 f4 63.Kg2 e5
64.Kf3 Kf5 65.Rf7+ Kg6 66.Ra7 Re8 67.Ke4 Kg5 68.Rg7+  1-0

[Event "Agency"]
[Site "London"]
[Date "1998.06.16"]
[Round "2"]
[White "Rowson, Jonathan"]
[Black "McDonald, Neil R"]
[Result "1/2-1/2"]
[WhiteElo "2485"]
[BlackElo "2485"]

1.Nf3 d5 2.c4 c6 3.d4 Nf6 4.cxd5 cxd5 5.Nc3 Nc6 6.Bf4 a6 7.Ne5 Bd7 8.e3 e6
9.Bd3 Be7 10.g4 Qb6 11.O-O h6 12.Rc1 Rd8 13.Na4 Qa5 14.Nxd7 Nxd7 15.a3 Rc8
16.b4 Qd8 17.Nc5 Nxc5 18.bxc5 Bg5 19.Bg3 Bh4 20.Rb1 Bxg3 21.hxg3 Rc7 22.f4 Qe7
23.Rf2 g5 24.Qf3 gxf4 25.gxf4 Rg8 26.Rg2 Qf6 27.Qf2 Kd8 28.Kh1 Kc8 29.Rbg1 Qg7
30.Rh2 f6 31.Qh4 e5 32.dxe5 fxe5 33.Qxh6 e4 34.Bb1 Qf7 35.Qh5 Qe6 36.Ba2 Ne7
37.f5 Qe5 38.Qf7 Rd8 39.Rh7 Rcd7 40.Qe6 Qxe6 41.fxe6 Rc7 42.Rf1 Re8 43.Rc1 Rg8
44.Kh2 Kb8 45.Kh3 Rf8 46.Rf7 Rh8+ 47.Kg3 Rh6 48.Rxe7 Rxe7 49.Bxd5 Rf6 50.Rc3 Rf3+
51.Kh4 Rh7+ 52.Kg5 Rg7+ 53.Kh4 Rh7+  1/2-1/2

[Event "Szeged TT06 IM"]
[Site "Szeged"]
[Date "1998.06.23"]
[Round "6"]
[White "Kustar, Sandor"]
[Black "Revuckij, Vladimir"]
[Result "1-0"]
[WhiteElo "2405"]
[BlackElo "2215"]

1.Nf3 d5 2.c4 e6 3.g3 dxc4 4.Qa4+ Nd7 5.Bg2 a6 6.Nc3 Nf6 7.Qxc4 b5 8.Qb3 Bb7
9.O-O Be7 10.d3 O-O 11.Qc2 c5 12.b3 Rc8 13.Bb2 Rc7 14.Rfc1 e5 15.e4 Bd6 16.a4 Bc6
17.axb5 axb5 18.Ra6 Re8 19.Nd5 Rc8 20.Bh3 Bf8 21.Nxf6+ gxf6 22.Nh4 Bb7 23.Ra7 Rc7
24.Qe2 Bg7 25.Nf5 Nf8 26.Qg4 Ng6 27.Bf1 Kh8 28.h4 Rg8 29.b4 Bf8 30.bxc5 Ne7
31.Qf3 Nxf5 32.Qxf5 Bc8 33.Ra8 Be7 34.Qh5 Bxc5 35.Qf3 Qe7 36.d4 exd4 37.Bxb5 Ra7
38.Rxc5 Rxa8 39.Bxd4 Kg7 40.e5 Ra1+ 41.Bxa1 Qxc5 42.Qxf6+ Kf8 43.Qd8+ Kg7
44.e6+  1-0

[Event "World op"]
[Site "Philadelphia"]
[Date "1998.06.29"]
[Round "3"]
[White "Gurevich, Dmitry"]
[Black "Ariel, Donny"]
[Result "0-1"]
[WhiteElo "2540"]
[BlackElo "2290"]

1.Nf3 d5 2.c4 e6 3.d4 Nf6 4.g3 c6 5.Qc2 Nbd7 6.Bg2 Bd6 7.Nbd2 O-O 8.O-O Re8
9.Rd1 Qe7 10.b3 e5 11.cxd5 cxd5 12.dxe5 Nxe5 13.Nd4 Bg4 14.h3 Rac8 15.Qb1 Bc5
16.Bb2 Bxd4 17.Bxd4 Bxe2 18.Rc1 Nd3 19.Rxc8 Rxc8 20.a3 Rc1+ 21.Qxc1 Nxc1
22.Rxc1 Bb5 23.Bxf6 gxf6 24.Bxd5 Qxa3 25.Rc8+ Kg7 26.Bxb7 Bd7 27.Rc4 Qb2
28.Nf1 Qxb3 29.Bd5 Qd1 30.Bg2 a5 31.Kh2 Be6 32.Ne3 Qd2 33.Rf4 Qa2 34.Bc6 Bb3
35.Kg2 h5 36.Rd4 a4 37.Be4 Be6 38.Bd5 Bxd5+ 39.Rxd5 a3 40.Ra5 Qb3 41.Nf5+ Kh7
42.Nd4 Qb7+  0-1

[Event "World op"]
[Site "Philadelphia"]
[Date "1998.06.29"]
[Round "3"]
[White "Vigorito, David"]
[Black "Blatny, Pavel"]
[Result "1/2-1/2"]
[WhiteElo "2385"]
[BlackElo "2560"]

1.Nf3 d5 2.c4 c6 3.d4 e6 4.Nc3 Nf6 5.Bg5 h6 6.Bxf6 Qxf6 7.e3 Nd7 8.a3 dxc4
9.Bxc4 g6 10.O-O Bg7 11.b4 O-O 12.Qc2 a5 13.e4 e5 14.d5 Nb6 15.Nd2 Rd8 16.bxa5 Rxa5
17.Rab1 cxd5 18.Nxd5 Nxd5 19.Bxd5 Rxa3 20.Nc4 Ra6 21.Bxb7 Bxb7 22.Rxb7 Rc8
23.Qb3  1/2-1/2

[Event "Lost Boys op"]
[Site "Antwerp"]
[Date "1998.07.03"]
[Round "4"]
[White "Tondivar, Babak"]
[Black "Reinderman, Dimitri"]
[Result "0-1"]
[WhiteElo "2305"]
[BlackElo "2480"]

1.Nf3 d5 2.c4 d4 3.e3 Nc6 4.exd4 Nxd4 5.Nxd4 Qxd4 6.Nc3 c6 7.d3 Nh6 8.Be2 g6
9.O-O Bg7 10.Bxh6 Bxh6 11.Qc2 Bf5 12.Rad1 Bg7 13.Qc1 O-O-O 14.Qe3 Rd7 15.Qxd4 Bxd4
16.g4 Be6 17.Kg2 f6 18.Bf3 h5 19.gxh5 gxh5 20.Rfe1 Rg8+ 21.Kf1 Bh3+ 22.Ke2 Rg5
23.Rd2 Re5+ 24.Kd1 Rf5 25.Ke2 Bg4 26.Bxg4 Rxf2+ 27.Kd1 Rxd2+ 28.Kxd2 hxg4
29.Re4 f5 30.Re6 Rd6  0-1

[Event "RUS-Cup06"]
[Site "Nizhnij Novgorod"]
[Date "1998.07.05"]
[Round "7"]
[White "Sorokin, Maxim"]
[Black "Kuporosov, Viktor"]
[Result "1/2-1/2"]
[WhiteElo "2575"]
[BlackElo "2500"]

1.Nf3 d5 2.c4 c6 3.d4 Nf6 4.Nc3 dxc4 5.a4 Bf5 6.Ne5 Nbd7 7.Nxc4 Nb6 8.Ne5 a5
9.f3 Nfd7 10.Nxd7 Nxd7 11.e4 Bg6 12.f4 e6 13.Bd3 Nf6 14.Be3 Bb4 15.Qc2 Ng4
16.Bg1 O-O 17.O-O-O f5 18.e5 Nh6 19.Kb1 Kh8 20.Be3 Ng8 21.g4  1/2-1/2

[Event "RUS-Cup06"]
[Site "Nizhnij Novgorod"]
[Date "1998.07.06"]
[Round "8"]
[White "Kulikov, Alexander O"]
[Black "Popov, Valerij"]
[Result "0-1"]
[WhiteElo "2395"]
[BlackElo "2505"]

1.Nf3 d5 2.c4 d4 3.g3 c5 4.b4 cxb4 5.a3 f6 6.axb4 e5 7.Qa4+ Bd7 8.Qb3 Qb6
9.b5 e4 10.Ng1 Na6 11.Ba3 Nc5 12.Bxc5 Bxc5 13.Bg2 f5 14.Nh3 Nf6 15.O-O h5
16.d3 h4 17.Nd2 hxg3 18.fxg3 O-O-O 19.Qa4 Ng4 20.Nb3 Ne3 21.Nxc5 Qxc5 22.Rf4 Rh5
23.dxe4 g5 24.Nxg5 Rxg5 25.Qxa7 Qxa7 26.Rxa7 Kb8 27.Ra4 Re8 28.Bf3 fxe4 29.Bxe4 Rg4
30.Bf3 Rxf4 31.gxf4 Rg8+ 32.Kf2 Nd1+ 33.Ke1 Rg1+ 34.Kd2 Nc3 35.Ra5 Bf5 36.e3 Rf1
37.exd4 Rxf3 38.d5 Ne4+ 39.Ke2 Bg4 40.Ke1 Re3+  0-1

[Event "RUS-Cup06"]
[Site "Nizhnij Novgorod"]
[Date "1998.07.07"]
[Round "9"]
[White "Kulikov, Alexander O"]
[Black "Karpatchev, Aleksandr"]
[Result "1/2-1/2"]
[WhiteElo "2395"]
[BlackElo "2570"]

1.Nf3 d5 2.c4 dxc4 3.e3 c5 4.Bxc4 e6 5.O-O Nf6 6.d4 a6 7.Nc3 b5 8.Be2 Bb7
9.a3 Nbd7 10.dxc5 Bxc5 11.b4 Be7 12.Bb2 O-O 13.Qb3 Qb6 14.Rfd1 Rfd8 15.Rac1 Rac8
16.h3  1/2-1/2

[Event "Lost Boys op"]
[Site "Antwerp"]
[Date "1998.07.08"]
[Round "8"]
[White "Tondivar, Babak"]
[Black "Olafsson, Helgi"]
[Result "0-1"]
[WhiteElo "2305"]
[BlackElo "2505"]

1.Nf3 d5 2.c4 d4 3.g3 Nc6 4.Bg2 e5 5.O-O Nf6 6.d3 Be7 7.Na3 O-O 8.Nc2 a5
9.Bg5 Nd7 10.Bxe7 Qxe7 11.Re1 Nc5 12.Qd2 h6 13.e4 Be6 14.Qe2 g5 15.Nd2 Kg7
16.Rf1 f6 17.f4 Bg8 18.fxe5 fxe5 19.Bh3 Rxf1+ 20.Kxf1 Nb4 21.Ne1 b5 22.a3 Nbxd3
23.Nxd3 bxc4 24.Nxc5 Qxc5 25.Kg2 Rb8 26.Rb1 Rb6 27.Bf5 c3 28.Nf3 Qb5 29.Qe1 Ba2
30.Rc1 cxb2 31.Rxc7+ Kf8 32.Nd2 b1=Q 33.Nxb1 Qxb1 34.Qxb1 Rxb1 35.Kf2 Rb2+
36.Ke1 Rxh2 37.Rc5 a4 38.Rc6 Ke7 39.Rc7+ Kd6 40.Rd7+ Kc5 41.Rc7+ Kb6  0-1